000 00747nam a2200205Ia 4500
005 20260121110026.0
008 008 260114s9999 xx 000 0 hin d
020 _a9788132360469
037 _aEBOOK
040 _aCRL
_bhin
_cCRL
041 _ahin
_2hin
084 _qCRL
100 _aमेवालाल प्रजापति / Mewalal Prajapati
_9941130
245 0 _aभूगर्भीय सिद्धान्त: उत्पत्ति और विशेषता / Bhugarbhiy Siddhant: Utpatti aur Visheshata
260 _bभाषा प्रकाशन / Bhasha Prakashan
_c2021
856 _uhttps://bhashaprakashan.com/product-details/382689
942 _cEBOOK
999 _c1532795
_d1532795